|
|
|
|
| LEADER |
02834nam a22004093i 4500 |
| 001 |
EBC5637452 |
| 003 |
MiAaPQ |
| 005 |
20231204023214.0 |
| 006 |
m o d | |
| 007 |
cr cnu|||||||| |
| 008 |
231204s2016 xx o ||||0 eng d |
| 020 |
|
|
|a 9781137595775
|q (electronic bk.)
|
| 020 |
|
|
|z 9781137595768
|
| 035 |
|
|
|a (MiAaPQ)EBC5637452
|
| 035 |
|
|
|a (Au-PeEL)EBL5637452
|
| 035 |
|
|
|a (OCoLC)932093971
|
| 040 |
|
|
|a MiAaPQ
|b eng
|e rda
|e pn
|c MiAaPQ
|d MiAaPQ
|
| 050 |
|
4 |
|a PN1600-3307.2
|
| 082 |
0 |
|
|a 070.5/94
|
| 100 |
1 |
|
|a Lyons, Rebecca E.
|
| 245 |
1 |
4 |
|a The Academic Book of the Future.
|
| 250 |
|
|
|a 1st ed.
|
| 264 |
|
1 |
|a London :
|b Palgrave Macmillan UK,
|c 2016.
|
| 264 |
|
4 |
|c Ã2016.
|
| 300 |
|
|
|a 1 online resource (133 pages)
|
| 336 |
|
|
|a text
|b txt
|2 rdacontent
|
| 337 |
|
|
|a computer
|b c
|2 rdamedia
|
| 338 |
|
|
|a online resource
|b cr
|2 rdacarrier
|
| 505 |
0 |
|
|a Cover -- Half-Title -- Title -- Copyright -- Contents -- Acknowledgements -- Notes on Contributors -- Introduction: The Academic Book of the Future -- Part I Academics -- 1 The Academic Book as Socially-Embedded Media Artefact -- 2 Wearable Books -- 3 The Impossible Constellation: Practice as Research as a Viable Alternative -- Part II Publishers -- 4 The Academic Book of the Future and the Need to Break Boundaries -- 5 The Academic 'Book' of the Future and Its Function -- 6 The University Press and the Academic Book of the Future -- Part III Librarians -- 7 National Libraries and Academic Books of the Future -- 8 Strategic Engagement and Librarians -- 9 Academic Libraries and Academic Books: Vessels of Cultural Continuity, Agents of Cultural Change -- Part IV Booksellers -- 10 Selling Words: An Economic History of Bookselling -- 11 The Future of the Academic Book: The Role of Booksellers -- 12 Back to the Future: The Role of the Campus Bookshop -- Bibliography -- Further Reading -- Index.
|
| 520 |
|
|
|a This book is open access under a CC-BY licence. Part of the AHRC/British Library Academic Book of the Future Project, this book interrogates current and emerging contexts of academic books from the perspectives of thirteen expert voices from the connected communities of publishing, academia, libraries, and bookselling.
|
| 588 |
|
|
|a Description based on publisher supplied metadata and other sources.
|
| 590 |
|
|
|a Electronic reproduction. Ann Arbor, Michigan : ProQuest Ebook Central, 2023. Available via World Wide Web. Access may be limited to ProQuest Ebook Central affiliated libraries.
|
| 655 |
|
4 |
|a Electronic books.
|
| 700 |
1 |
|
|a Rayner, Samantha.
|
| 776 |
0 |
8 |
|i Print version:
|a Lyons, Rebecca E.
|t The Academic Book of the Future
|d London : Palgrave Macmillan UK,c2016
|z 9781137595768
|
| 797 |
2 |
|
|a ProQuest (Firm)
|
| 856 |
4 |
0 |
|u https://ebookcentral.proquest.com/lib/matrademy/detail.action?docID=5637452
|z Click to View
|